LEADER 00922nam0 2200277 450 001 000025212 005 20090402120915.0 100 $a20090402d1973----km-y0itaa50------ba 101 0 $aita 102 $aIT 200 1 $a<>abate C.$fGeorges Bataille$ga cura di Franco Rella 210 $aVerona$cBertani$dc1973 215 $a188 p.$d20 cm 225 2 $aTesti/romanzo$v5 410 0$12001$aTesti/romanzo$v5 676 $a843.91$v(21. ed.)$9Narrativa francese. 1900-1999 700 1$aBataille,$bGeorges$0126056 702 1$aRella,$bFranco 801 0$aIT$bUniversità della Basilicata - B.I.A.$gRICA$2unimarc 912 $a000025212 996 $aAbate C$992427 997 $aUNIBAS BAS $aLETTERE CAT $aEXT10$b01$c20090402$lBAS01$h1209 FMT Z30 -1$lBAS01$LBAS01$mBOOK$1BASA1$APolo Storico-Umanistico$2FMAS$BFondo Masini$3FMas/817/1993$6817/1993$5B817/1993$820090402$f04$FPrestabile Didattica LEADER 01264nam0 22002891i 450 001 RML0298857 005 20231121125741.0 100 $a20121121d1965 ||||0itac50 ba 101 | $aita 102 $ait 181 1$6z01$ai $bxxxe 182 1$6z01$an 200 1 $a12 corso di cultura sull'arte ravennate e bizantina$eRavenna 28 marzo, 10 aprile 1965$fUniversità degli Studi di Bologna 210 $aRavenna $cEdizioni Dante $d1965 215 $a630 p.$cill.$d24 cm 300 $aIn testa al front.: Università degli Studi di Bologna.Istituto di antichità ravennate e bizantine. Ravenna 517 1 $a12 corso di cultura ravennate e bizantina$9RML0337867 606 $aArte bizantina$xCongressi 1965$2FIR$3RMLC416362$9I 676 $a709.02$9Storia delle belle arti e arti decorative, 500-1499$v21 801 3$aIT$bIT-01$c20121121 850 $aIT-FR0017 899 $aBiblioteca umanistica Giorgio Aprea$bFR0017 912 $aRML0298857 950 0$aBiblioteca umanistica Giorgio Aprea$d 52CIS 11/10.12$e 52VM 0000687205 VM barcode:67018-10. - Inventario:3229 FLSVM$fA $h20070514$i20121204 977 $a 52 996 $a12 corso di cultura sull'arte ravennate e bizantina$93629464 997 $aUNICAS